000 00298nam a22001337a 4500
008 210819b ||||| |||| 00| 0 eng d
041 _aeng
080 _a72
082 _a72
100 _a41
101 _aNDE
245 _aNdërtimet prej Betoni të Armuar dhe Guri
_cDaja,Sh
942 _2udc
_cBK
999 _c58116
_d58116